| Tag |
First Indicator |
Second Indicator |
Subfields |
| LEADER |
00000cam a2200000 a 4500 |
| 001 |
in00000009255 |
| 005 |
20151007051518.0 |
| 008 |
870326s1987 cou b 00110 eng |
| 010 |
|
|
|a 87008331
|
| 020 |
|
|
|a 0813374375 (pbk.)
|
| 035 |
|
|
|a (OCoLC)15518893
|
| 035 |
|
|
|9 AAA3335AM
|
| 040 |
|
|
|a DLC
|c DLC
|d TXA
|d UtOrBLW
|
| 043 |
|
|
|a e-urs--
|a e-uro--
|
| 049 |
|
|
|a TXAM
|c [A12619707]
|
| 050 |
0 |
0 |
|a HC336.9.S53
|b D53 1987
|
| 082 |
0 |
|
|a 338.957
|2 19
|
| 100 |
1 |
|
|a Dienes, Leslie.
|
| 245 |
1 |
0 |
|a Soviet Asia :
|b economic development and national policy choices /
|c Leslie Dienes.
|
| 264 |
|
1 |
|a Boulder :
|b Westview Press,
|c 1987.
|
| 300 |
|
|
|a xx, 289 pages ;
|c 24 cm.
|
| 336 |
|
|
|a text
|b txt
|2 rdacontent
|
| 337 |
|
|
|a unmediated
|b n
|2 rdamedia
|
| 338 |
|
|
|a volume
|b nc
|2 rdacarrier
|
| 490 |
1 |
|
|a Westview special studies on the Soviet Union and Eastern Europe
|
| 504 |
|
|
|a Includes bibliographies and index.
|
| 651 |
|
0 |
|a Siberia (Russia)
|x Economic policy.
|
| 651 |
|
0 |
|a Siberia (Russia)
|x Economic conditions.
|
| 650 |
|
0 |
|a Regional planning
|z Russia (Federation)
|z Siberia.
|
| 651 |
|
0 |
|a Asia, Central
|x Economic policy.
|
| 651 |
|
0 |
|a Asia, Central
|x Economic conditions.
|
| 650 |
|
0 |
|a Regional planning
|z Asia, Central.
|
| 830 |
|
0 |
|a Westview special studies on the Soviet Union and Eastern Europe.
|
| 999 |
|
|
|a MARS
|
| 999 |
f |
f |
|s 82744c71-d322-3eac-b040-abf1790e8df0
|i 74395f7e-fd2a-3f6c-b722-2d8d1fc6dc3d
|t 0
|
| 952 |
f |
f |
|p normal
|a Texas A&M University
|b College Station
|c Sterling C. Evans Library
|d Evans: Library Stacks
|t 0
|e HC336.9.S53 D53 1987
|h Library of Congress classification
|i unmediated -- volume
|m A14812619707
|
| 998 |
f |
f |
|a HC336.9.S53 D53 1987
|t 0
|l Evans: Library Stacks
|